书目信息 |
| 题名: |
章士藻数学教育文集
|
|
| 作者: | 章士藻 著 | |
| 分册: | ||
| 出版信息: | 南京 东南大学出版社 2009.01 |
|
| 页数: | 446页, [6] 页图版 | |
| 开本: | 21cm | |
| 丛书名: | ||
| 单 册: | ||
| 中图分类: | G633.6 | |
| 科图分类: | ||
| 主题词: | 数学教学--shu xue jiao xue--教学研究--中小学--文集 | |
| 电子资源: | ||
| ISBN: | 978-7-5641-1455-8 | |
| 000 | 00999nam0 2200253 450 | |
| 001 | 012009114825 | |
| 005 | 20090917094608.73 | |
| 010 | @a978-7-5641-1455-8@b精装@dCNY40.00 | |
| 100 | @a20090917d2009 em y0chiy0120 ea | |
| 101 | 0 | @achi |
| 102 | @aCN@b320000 | |
| 105 | @aacf z 000yy | |
| 106 | @ar | |
| 200 | 1 | @a章士藻数学教育文集@Azhang shi zao shu xue jiao yu wen ji@f章士藻著@Fzhang shi zao zhu |
| 210 | @a南京@c东南大学出版社@d2009.01 | |
| 215 | @a446页, [6] 页图版@c图, 肖像@d21cm | |
| 312 | @a英文并列题名取自于封面 | |
| 330 | @a本书收录了章士藻在数学教育学科建设、高师数学课程建设、高师数学教学研究、中小学数学教学研究、教育科研工作研究等9个方面共55篇研究论文及他的同事、学生等关于他教育思想研究的论文。 | |
| 510 | 1 | @aCollected works of mathematics education by Zhang Shizao@zeng |
| 606 | 0 | @a数学教学@Ashu xue jiao xue@x教学研究@x中小学@j文集 |
| 690 | @aG633.6@v4 | |
| 701 | 0 | @a章士藻@Azhang shi zao@4著 |
| 801 | 0 | @aCN@bQSSK@c20090917 |
| 905 | @b753220-22@dG633.6@eZ268@f3 | |
| 章士藻数学教育文集/章士藻著.-南京:东南大学出版社,2009.01 |
| 446页, [6] 页图版:图, 肖像;21cm |
| ISBN 978-7-5641-1455-8(精装):CNY40.00 |
| 本书收录了章士藻在数学教育学科建设、高师数学课程建设、高师数学教学研究、中小学数学教学研究、教育科研工作研究等9个方面共55篇研究论文及他的同事、学生等关于他教育思想研究的论文。 |
| ● |
| 相关链接 |
|
|
|
正题名:章士藻数学教育文集
索取号:G633.6/Z268
 
预约/预借
| 序号 | 登录号 | 条形码 | 馆藏地/架位号 | 状态 | 备注 |
| 1 | 753220 | 207532204 | 社科库409/409社科库 7排4列1层/ [索取号:G633.6/Z268] | 在馆 | |
| 2 | 753221 | 207532213 | 社科库409/409社科库 7排4列1层/ [索取号:G633.6/Z268] | 在馆 | |
| 3 | 753222 | 207532222 | 社科库409/409社科库 7排4列1层/ [索取号:G633.6/Z268] | 在馆 |